More than "I do": (Record no. 14593)

000 -LEADER
fixed length control field 00594nam a2200193 a 4500
001 - CONTROL NUMBER
control field :::00012425$&:&@@
003 - CONTROL NUMBER IDENTIFIER
control field OkBaRHE
005 - DATE AND TIME OF LATEST TRANSACTION
control field 20000607103419.0
008 - FIXED-LENGTH DATA ELEMENTS--GENERAL INFORMATION
fixed length control field s1983 j 000 0 eng u
040 ## - CATALOGING SOURCE
Transcribing agency
100 1# - MAIN ENTRY--PERSONAL NAME
Personal name Smith, Harold Ivan.
245 10 - TITLE STATEMENT
Title More than "I do":
Remainder of title devotions for the engaged couple.
260 ## - PUBLICATION, DISTRIBUTION, ETC. (IMPRINT)
Place of publication, distribution, etc Kansas City, MO., :
Name of publisher, distributor, etc Beacon Hill Press
Date of publication, distribution, etc c1983
300 ## - PHYSICAL DESCRIPTION
Extent 55 p. ;
Dimensions 19 cm.
650 ## - SUBJECT ADDED ENTRY--TOPICAL TERM
Topical term or geographic name as entry element Devotional Literature
650 ## - SUBJECT ADDED ENTRY--TOPICAL TERM
Topical term or geographic name as entry element Marriage
942 ## - ADDED ENTRY ELEMENTS (KOHA)
Source of classification or shelving scheme
Koha item type Books
Copies
Withdrawn status Date acquired Barcode Not for loan Permanent Location Full call number Source of classification or shelving scheme Date last seen Lost status Shelving location Koha item type Damaged status Copy number Price effective from
 2010-04-1412425 RHEMA Bible Training CollegeHQ 728 .S6 2010-04-14 General StacksBooks 12010-04-14